| 000 | 00621nam a22002297a 4500 | ||
|---|---|---|---|
| 999 |
_c2048 _d2048 |
||
| 003 | SLTCLib | ||
| 008 | 260625b ce ||||| |||| 00| 0 eng d | ||
| 020 | _a8178082446 | ||
| 041 | _aEnglish | ||
| 080 |
_a621.391.81 _bOPP |
||
| 100 |
_aOppenheim, Alan V. _91371 |
||
| 245 | _aDiscrete-time signal processing | ||
| 250 | _a2nd ed | ||
| 260 |
_aIndia _bPearsons Education _c2004 |
||
| 300 | _a870p. | ||
| 650 | 0 |
_92451 _a Signal processing |
|
| 650 | 0 |
_92452 _a Discrete-time systems |
|
| 650 | 0 |
_91986 _aDigital techniques |
|
| 700 |
_aSchafer, Ronald W. _91599 |
||
| 700 |
_aBuck, John R. _93627 |
||
| 942 |
_2ddc _cMLN |
||
| 945 |
_a3725 _bIshara wickramage _c3725 _dIshara wickramage |
||